000 00675nam a2200289Ia 4500
005 20260324121446.0
008 008 260324s9999 xx 000 0 eng d
020 _a9781315750187
037 _aEBOOK
040 _aCRL
040 _beng
040 _cCRL
041 _2eng
041 _aeng
084 _qCRL
100 _aVirginia Campbell
_91162602
245 4 _aThe Tombs of Pompeii
245 0 _bOrganization, Space, and Society
260 _bTaylor and Francis
260 _c2014
365 _a
365 _b240
856 _uhttp://www.taylorfrancis.com/books/9781315750187
942 _cEBOOK
999 _c1754701
_d1754701